Statistics for Guess the Spider-Man Villains Quiz

Click here to take the quiz!

General Stats

  • This quiz has been taken 11 times
    (3 since last reset)
  • The average score is 18 of 38

Answer Stats

HintAnswer% Correct
Norman OsbornGreen Goblin
100%
Flint MarkoSandman
100%
Edie BrockVenom
100%
Felicia HardyBlack Cat
67%
Cletus KasadyCarnage
67%
Otto OctaviusDoc Ock
67%
Max DillonElectro
67%
Roderick KingseyHobgoblin
67%
Wilson FiskKingpin
67%
Sergei Kravenoffkraven the Hunter
67%
Curt ConnorsLizard
67%
Michael MorbiusMorbius
67%
Quentin BeckMysterio
67%
Aaron DavisProwler
67%
Mac GarganScorpion
67%
Herman ShultzShocker
67%
Adrian ToomesVulture
67%
Abner Ronald JenkinsBeetle
33%
Frederick MyersBoomerang
33%
Malcolm McBrideCarrion
33%
Dmitri SmerdoyakovChameleon
33%
Max MarkhamGrizzly
33%
Morris BenchHydro-Man
33%
Miles WarrenJackal
33%
Steven LevinsJack O' Lantern
33%
Mark RaxtonMolten Man
33%
Alexei SytsevichRhino
33%
Richard FiskRose
33%
Johnathon OhnnSpot
33%
Vincent StegronStegron
33%
Fritz Von MeyerSwarm
33%
Phineas MasonTinkerer
33%
Alonzo Thompson LincolnTombstone
33%
Jeff Hages8-Ball
0%
Antonio RodriguezArmadillo
0%
N/AClam
0%
Buford HollisRazerback
0%
Peter PetruskiTrapster
0%

Score Distribution

Percentile by Number Answered

Percent of People with Each Score

Your Score History

You have not taken this quiz since the last reset